Strengthening Policy Research: (Record no. 171219)

MARC details
000 -LEADER
fixed length control field 00683nam a22001817a 4500
005 - DATE AND TIME OF LATEST TRANSACTION
control field 20210908101829.0
010 ## - LCCN (DPL NO)
LC control number ENG-127299
020 ## - INTERNATIONAL STANDARD BOOK NUMBER
Terms of availability 119500
International Standard Book Number 9789353282165
035 ## - SYSTEM CONTROL NUMBER
System control number EN-110831
037 ## - SOURCE OF ACQUISITION
Source of stock number/acquisition DBAD/PUB.
082 ## - DEWEY DECIMAL CLASSIFICATION NUMBER
Classification number 320.6072054
245 ## - TITLE STATEMENT
Title Strengthening Policy Research:
Remainder of title role of think tank initiative in South Asia /
Statement of responsibility, etc edited by Sukhadeo Thorat, Ajaya Dixit [and] samar verma.
260 ## - PUBLICATION, DISTRIBUTION, ETC. (IMPRINT)
Place of publication, distribution, etc New Delhi
Name of publisher, distributor, etc Sage Publications India .
Date of publication, distribution, etc 2019
270 ## - ADDRESS
Address B1/I-1, Mohan Cooperative Industrial Area Mathura Road Post Bag 7
City New Delhi
Postal code 110044
300 ## - PHYSICAL DESCRIPTION
Extent xxxiii,393p.
Dimensions 22cm.(hb)
500 ## - GENERAL NOTE
General note It includes index
942 ## - ADDED ENTRY ELEMENTS (KOHA)
Source of classification or shelving scheme Dewey Decimal Classification
Item type English Books
Call number suffix STR
Classification part 320.6072054
Holdings
Withdrawn status Lost status Not for loan Collection code Home library Current library Date acquired Source of acquisition Cost, normal purchase price Full call number Barcode Copy number Cost, replacement price Koha item type
      Non-fiction Sarojini Nagar Sarojini Nagar 08/01/2020 DBAD/PUB 1195.00 320.6072054 STR EN-110831 1 1195.00 English Books

© Delhi Public Library
Hit Counter
free hit counter